03292cam a22004095i 450000100090000000300040000900500170001300800410003001000170007102000180008802000260010602000230013203500240015504000670017904200080024604300120025405000240026608200180029010000310030824500910033925000290043025000250045925000340048426400710051830000840058933600260067333700280069933800270072750000340075450400660078850509470085452009580180164800210275965100260278065100370280665500390284321711503OSt20231208100528.0200909s2019 nyuabf b 001 0 eng c a 2020302540 a9789382616979 a9780062978066q(pbk.) a0062978063q(pbk.) a(OCoLC)on1121427865 aLNCbengerdacLNCdBDXdBKLdNYPdCNWPUdLMJdOCLCFdIAKdDLC apcc aa-ii---00aDS480.84b.G74 2019 a954.04bGUH/R1 aGuha, Ramachandraeauthor.10aIndia after Gandhi :bthe history of the world's largest democracy /cRamachandra Guha a10th anniversary edition aUpdated and expanded aSecond Ecco paperback edition 1aNew York, NY :bEcco, an imprint of HarperCollinsPublishers,c2019 axxxiv, 919 pages, 32 unnumbered pages of plates :billustrations, maps ;c23 cm atextbtxt2rdacontent aunmediatedbn2rdamedia avolumebnc2rdacarrier a"Revised and updated"--Cover. aIncludes bibliographical references (pages 787-881) and index0 aPreface to the second edition -- Prologue: Unnatural nation -- Part 1: Picking up the pieces. Freedom and parricide ; The logic of division ; Apples in the basket ; A valley bloody and beautiful ; Refugees and the Republic ; Ideas of India -- Part 2: Nehru's India. The biggest gamble in history ; Home and the world ; Redrawing the map ; The conquest of nature ; The law and the prophets ; Securing Kashmir ; Tribal trouble -- Part 3: Shaking the centre. The southern challenge ; The experience of defeat ; Peace in our time ; Minding the minorities -- Part 4: The rise of populism. War and succession ; Leftward turns ; The elixir of victory ; The rivals ; Autumn of the matriarch ; Life without the Congress ; Democracy in disarray ; This son also rises -- Part 5: A history of events. Rights and riots ; A multi-polar polity ; Rulers and riches ; Progress and its discontents ; The rise of the "BJP system" -- Epilogue: A 50-50 democracy. aBorn in privation and civil war, divided by caste, class, language and religion, independent India emerged, somehow, as a united and democratic country. This book tells the full story, the pain and the struggle, the humiliations and the glories, of the world's largest and least likely democracy. The author, a social historian writes of the protests and conflicts that have peppered the history of free India, but also of the factors and processes that have kept the country together (and kept it democratic), defying numerous prophets of doom who believed that it would break up or come under autocratic rule. This story of modern India is peopled with extraordinary characters: the author gives fresh insights on the lives and public careers of the long-serving prime ministers, but also writes about the major provincial leaders and other lesser known (though not necessarily less important) Indians, peasants, tribals, women, workers and musicians. 7aSince 19472fast 0aIndiaxHistoryy1947- 7aIndia.2fast0(OCoLC)fst01210276 7aHistory.2fast0(OCoLC)fst01411628